| 000 | 00489nam a2200181Ia 4500 | ||
|---|---|---|---|
| 008 | 240925s9999 xx 000 0 und d | ||
| 020 | _aNA | ||
| 082 | _a005.43 DIG | ||
| 100 | _aDigital Equipment Corporation | ||
| 245 | 0 | _aBasic on VAX/VMS Systems | |
| 250 | _aNA | ||
| 260 |
_aNA _bNot Available _c,1984. |
||
| 300 |
_aVarious pages _bNA _fOriginal |
||
| 500 | _aIncludes Index | ||
| 600 | _aComputer Science | ||
| 650 | _aComputer science, information & general works | ||
| 942 | _cBK | ||
| 999 |
_c3337 _d3337 |
||